| 000 | 01058nam0a22002531 4500 | ||
|---|---|---|---|
| 001 | rc\739033 | ||
| 005 | 20250622114011.0 | ||
| 035 | _a(NLR Aleph) 006268764 | ||
| 090 |
_a6926576 _c6926576 |
||
| 100 | _a20040301d1985 |||y0rusy50 ca | ||
| 101 | 0 | _arus | |
| 102 | _aRU | ||
| 105 | _ay ||||||||| | ||
| 200 | 1 |
_aСАМООБРАЗОВАНИЕ организаторов внеклассной и внешкольной воспитательной работы _eЭксперим. материалы _e(Рекомендации) _fАПН СССР, НИИ общ. образования взрослых _g[Сост. к. п. н. Лебедевой С.С.] |
|
| 210 |
_aЛ. _cАПН СССР _d1985 |
||
| 215 |
_a33 с. _d20 |
||
| 320 | _aБиблиогр.: с. 32 | ||
| 702 | 1 |
_aЛебедева _bС.С. _gСветлана Соломоновна _4220 |
|
| 712 | 0 | 2 |
_aНИИ общего образования взрослых _cЛенинград |
| 801 | 0 |
_aRU _bNLR _gpsbo |
|
| 801 | 1 |
_aRU _bELAR _2rusmarc |
|
| 852 |
_aNLR _j87-4/7724 |
||
| 942 | _cBOOK | ||
| 980 | _aNB | ||